Studi italo - slovacchi

Bibliographic Details
Format: Journal
Language:Slovak
Italian
PhysicalDescription:zv. 21 cm
Published: Bratislava Ústav svetovej literatúry SAV 1991-
Nitra Univerzita Konštantína Filozofa
ISSN:1338-6778
Subjects:

MARC

LEADER 00000cas a2200000 a 4500
001 vtls010450916
003 SK-MaSNL
005 20260228160343.0
008 160817c19919999xo fr p 0 b0slo
022 |a 1338-6778 
040 |a SVKBB  |b slo  |c SVKBB  |d SNK  |e AACR2 
041 0 |a slo  |a ita 
044 |a xo  |c SK 
072 7 |a 811.131  |x Taliansko-románske jazyky  |2 konspekt 
072 7 |a 821.131.1.09  |x Talianska literatúra (o nej)  |2 konspekt 
072 7 |a 821.162.4  |x Slovenská literatúra  |2 konspekt 
080 |a 811.131.1  |2 2011 
080 |a 821.131.1  |2 2011 
080 |a 821.162.4  |2 2011 
080 |a 050  |2 2011 
080 |a 001(051)  |2 2011 
210 0 |a Studi italo-slovacchi 
222 0 |a Studi italo-slovacchi 
245 0 0 |a Studi italo - slovacchi 
260 |a Bratislava  |b Ústav svetovej literatúry SAV  |c 1991- 
260 3 |3 2009-  |a Nitra  |b Univerzita Konštantína Filozofa 
300 |a zv.  |c 21 cm 
310 |a 2x ročne  |b 2012- 
321 |a 1x ročne  |b 1991-1999; 2009; 2011 
321 |a Nepravidelne  |b 8/2009-9/2011 
362 0 |a 1 (1991)- 7 (1999) ; 8 (2009) ; 9 (2011) ; roč. 1, č. 1=10 (2012) 
500 |a Podnázov v tiráži: časopis Katedry romanistika FF UKF v Nitre 
500 |a Evidenčné číslo: EV 4581/12 
500 |a Popis podľa: Roč. 2, č. 3(12) (2013) 
500 |a Zodpovední redaktori sa v každom čísle menia 
504 |a Bibliogr. odkazy 
515 |a V r. 2012-2013 je časopis priebežne číslovaný 
546 |a Text aj v tal. 
650 0 7 |a taliančina  |2 SNKPH  |9 1518 
650 0 7 |a talianska literatúra  |2 SNKPH  |9 1215 
650 0 7 |a slovenská literatúra  |2 SNKPH  |9 1115 
655 7 |a vedecké časopisy  |2 SNKPH  |9 70520 
710 2 |a Univerzita Konštantína Filozofa v Nitre.  |b Filozofická fakulta.  |b Katedra romanistiky  |4 pbl  |9 180017 
910 |a snk 
916 |a 2013-2021 
999 |c 2242  |d 4172 
952 |0 0  |1 0  |4 0  |7 0  |8 0  |a SNK  |b SNK  |d 2021-05-31  |f 1  |i snk2021/5996  |l 0  |o snkČSC 3639/8/2019  |p 17A1434285  |r 2026-02-21 19:53:06  |t č. 1-2  |w 2026-02-21  |y PREZ 
952 |0 0  |1 0  |4 0  |7 0  |8 0  |a SNK  |b SNK  |d 2021-05-31  |f 1  |i snk2021/5997  |l 0  |o snkČSC 3639/9/2020  |p 17A1434286  |r 2026-02-21 19:53:06  |t č. 1-2  |w 2026-02-21  |y PREZ 
952 |0 0  |1 0  |4 0  |7 0  |8 0  |a SNK  |b SNK  |d 2023-03-06  |f 1  |i snk2023/3808  |l 0  |o snkČSC 3639/10/2021  |p 17A1465589  |r 2026-02-21 20:04:08  |t č. 1-2  |w 2026-02-21  |y PREZ 
952 |0 0  |1 0  |4 0  |7 0  |8 0  |a SNK  |b SNK  |d 2023-02-27  |i snk2023/3427  |l 0  |o snkČSC 3639/8/2019 D1  |p 17A1519817  |r 2026-02-21 20:04:16  |t č. 1-2  |w 2026-02-21  |y PREZ 
952 |0 0  |1 0  |4 0  |7 0  |8 0  |a SNK  |b SNK  |d 2023-02-27  |i snk2023/3428  |l 0  |o snkČSC 3639/9/2020 D1  |p 17A1519818  |r 2026-02-21 20:04:16  |t č. 1-2  |w 2026-02-21  |y PREZ 
952 |0 0  |1 0  |4 0  |7 0  |8 0  |a SNK  |b SNK  |d 2016-08-16  |f 1  |i snk2016/19363  |l 0  |o snkČSC 3639/2/2013  |p 17A1202276  |r 2026-02-21 21:54:57  |t č. 3(12)-4(13)  |w 2026-02-21  |y PREZ 
952 |0 0  |1 0  |4 0  |7 0  |8 0  |a SNK  |b SNK  |d 2016-08-16  |f 1  |i snk2016/19365  |l 0  |o snkČSC 3639/3/2014  |p 17A1202275  |r 2026-02-21 21:55:03  |t č. 1-2  |w 2026-02-21  |y PREZ 
952 |0 0  |1 0  |4 0  |7 0  |8 0  |a SNK  |b SNK  |d 2016-08-16  |f 1  |i snk2016/19366  |l 0  |o snkČSC 3639/4/2015  |p 17A1202274  |r 2026-02-21 21:55:03  |t č. 1-2  |w 2026-02-21  |y PREZ 
952 |0 0  |1 0  |4 0  |7 0  |8 0  |a SNK  |b SNK  |d 2016-08-16  |i snk2016/19368  |l 0  |o snkČSC 3639/4/2015 D1  |p 17A1202273  |r 2026-02-21 21:55:03  |t č. 1-2  |w 2026-02-21  |y PREZ 
952 |0 0  |1 0  |4 0  |7 0  |8 0  |a SNK  |b SNK  |d 2020-07-02  |f 1  |i snk2020/11786  |l 0  |o snkČSC 3639/5/2016  |p 17A1430770  |r 2026-02-21 22:01:34  |t č. 1-2  |w 2026-02-21  |y PREZ 
952 |0 0  |1 0  |4 0  |7 0  |8 0  |a SNK  |b SNK  |d 2020-07-02  |i snk2020/11790  |l 0  |o snkČSC 3639/5/2016 D1  |p 17A1430771  |r 2026-02-21 22:01:34  |t č. 1-2  |w 2026-02-21  |y PREZ 
952 |0 0  |1 0  |4 0  |7 0  |8 0  |a SNK  |b SNK  |d 2020-07-02  |f 1  |i snk2020/11799  |l 0  |o snkČSC 3639/6/2017  |p 17A1430772  |r 2026-02-21 22:01:34  |t č. 1-2  |w 2026-02-21  |y PREZ 
952 |0 0  |1 0  |4 0  |7 0  |8 0  |a SNK  |b SNK  |d 2020-07-02  |i snk2020/11801  |l 0  |o snkČSC 3639/6/2017 D1  |p 17A1430773  |r 2026-02-21 22:01:34  |t č. 1-2  |w 2026-02-21  |y PREZ 
952 |0 0  |1 0  |4 0  |7 0  |8 0  |a SNK  |b SNK  |d 2020-07-02  |f 1  |i snk2020/11806  |l 0  |o snkČSC 3639/7/2018  |p 17A1430774  |r 2026-02-21 22:01:34  |t č. 1-2  |w 2026-02-21  |y PREZ 
952 |0 0  |1 0  |4 0  |7 0  |8 0  |a SNK  |b SNK  |d 2020-07-02  |i snk2020/11808  |l 0  |o snkČSC 3639/7/2018 D1  |p 17A1430775  |r 2026-02-21 22:01:35  |t č. 1-2  |w 2026-02-21  |y PREZ